[Event "SVE Seniors op 2nd"]
[Site "Eidelstedt"]
[Date "2019.07.31"]
[Round "6"]
[White "Eckhoff, Horst"]
[Black "Bremer, Wolfgang"]
[Result "1/2-1/2"]
[WhiteElo "1366"]
[BlackElo "1487"]
[PlyCount "79"]
[EventDate "2019.07.15"]
[EventType "swiss"]
[EventRounds "7"]
[EventCountry "GER"]
[SourceTitle "EXT 2020"]
[Source "ChessBase"]
[SourceDate "2019.10.17"]
[SourceVersion "1"]
[SourceVersionDate "2019.10.17"]
[SourceQuality "1"]

1. e4 c5 2. c4 Nc6 3. Nc3 d6 4. d3 g6 5. Bd2 Bg7 6. Rb1 Nf6 7. h3 0-0 8. Nf3 b6 9. Be2 Bb7 10. 0-0 Qc7 11. Qc1 Rad8 12. a3 Rfe8 13. Bg5 Rd7 14. Bxf6 exf6 15. Nd5 Qd8 16. Qd2 Ne7 17. b4 Nxd5 18. cxd5 Rde7 19. Qc2 Bxd5 20. exd5 Rxe2 21. Qb3 R2e7 22. Rfe1 f5 23. Rxe7 Rxe7 24. Re1 Rxe1+ 25. Nxe1 Qe8 26. Qd1 cxb4 27. axb4 Qb5 28. Nc2 Qxd5 29. d4 Qc6 30. Qe2 h5 31. Kf1 Qe4 32. Qc4 Qe7 33. b5 Qd7 34. f4 Kf8 35. h4 Bf6 36. g3 Kg7 37. d5 Bd8 38. Nd4 Qc7 39. Nc6 Kh6 40. Qd3 1/2-1/2